<?xml version="1.0" encoding="UTF-8"?>
<record
    xmlns:xsi="http://www.w3.org/2001/XMLSchema-instance"
    xsi:schemaLocation="http://www.loc.gov/MARC21/slim http://www.loc.gov/standards/marcxml/schema/MARC21slim.xsd"
    xmlns="http://www.loc.gov/MARC21/slim">

  <leader>01312nab a22002417a 4500</leader>
  <datafield tag="999" ind1=" " ind2=" ">
    <subfield code="c">6078</subfield>
    <subfield code="d">6078</subfield>
  </datafield>
  <controlfield tag="003">OSt</controlfield>
  <controlfield tag="005">20260121182847.0</controlfield>
  <controlfield tag="008">190502c        xxu||||| |||| 00| 0 spa d</controlfield>
  <datafield tag="040" ind1=" " ind2=" ">
    <subfield code="c">PJ</subfield>
  </datafield>
  <datafield tag="100" ind1=" " ind2=" ">
    <subfield code="9">6855</subfield>
    <subfield code="a">Kunusch Ribichini, Leandro</subfield>
  </datafield>
  <datafield tag="245" ind1="1" ind2=" ">
    <subfield code="a">Discusiones acerca de la notificaci&#xF3;n a testigos en el fuero penal federal :</subfield>
    <subfield code="b">an&#xE1;lisis en clave de litigio constitucional adversarial /</subfield>
    <subfield code="c">Leandro Kunusch Ribichini.</subfield>
  </datafield>
  <datafield tag="260" ind1=" " ind2=" ">
    <subfield code="a">Ciudad Aut&#xF3;noma de Buenos Aires :</subfield>
    <subfield code="b">Thomson Reuters La Ley,</subfield>
    <subfield code="c">2024.</subfield>
  </datafield>
  <datafield tag="300" ind1=" " ind2=" ">
    <subfield code="a">p. 58-66</subfield>
  </datafield>
  <datafield tag="505" ind1=" " ind2=" ">
    <subfield code="a">Sumario: I. Introducci&#xF3;n.&#x2014; II. La postura de las partes recurrentes.&#x2014; III. La cuesti&#xF3;n en las distintas Salas de la Casaci&#xF3;n Federal.&#x2014; IV. El voto de &#xC1;ngela Ledesma en el fallo comentado.&#x2014; V. Trasfondo del problema y reflexiones

</subfield>
  </datafield>
  <datafield tag="505" ind1=" " ind2=" ">
    <subfield code="a">Fallo comentado: CFCasaci&#xF3;n Penal, sala II, 22/05/2023. - T., H. L. y otro s/ recurso de casaci&#xF3;n.</subfield>
  </datafield>
  <datafield tag="505" ind1=" " ind2=" ">
    <subfield code="t">&#xBF;Te interesa el texto completo? Solicitalo al correo: koha@justierradelfuego.gov.ar</subfield>
  </datafield>
  <datafield tag="650" ind1=" " ind2="0">
    <subfield code="9">343</subfield>
    <subfield code="a">DERECHO PENAL</subfield>
  </datafield>
  <datafield tag="650" ind1=" " ind2="0">
    <subfield code="9">2348</subfield>
    <subfield code="a">PROCESO PENAL</subfield>
  </datafield>
  <datafield tag="650" ind1=" " ind2="0">
    <subfield code="9">6853</subfield>
    <subfield code="a">CITACI&#xD3;N DE TESTIGOS</subfield>
  </datafield>
  <datafield tag="650" ind1=" " ind2="0">
    <subfield code="9">1057</subfield>
    <subfield code="a">JURISPRUDENCIA APLICABLE</subfield>
  </datafield>
  <datafield tag="773" ind1="0" ind2=" ">
    <subfield code="0">2729</subfield>
    <subfield code="9">3180</subfield>
    <subfield code="d">Buenos Aires : LexisNexis,  2006-</subfield>
    <subfield code="t">Revista de derecho penal y procesal penal. N&#xBA; 3 - Marzo 2024</subfield>
    <subfield code="z">9875920622</subfield>
  </datafield>
  <datafield tag="942" ind1=" " ind2=" ">
    <subfield code="2">udc</subfield>
    <subfield code="c">ANA</subfield>
  </datafield>
</record>
